Statistics for Religion in Cyprus

Click here to take the quiz!

General Stats

  • This quiz has been taken 31 times
  • The average score is 4 of 5

Answer Stats

PercentageReligion% Correct
89.1%Orthodox
100%
2.9%Roman Catholic
97%
1.8%Islam
93%
2%Protestant
70%
4.1%Other
63%

Score Distribution

Percentile by Number Answered

Percent of People with Each Score

Your Score History

You have not taken this quiz